<?xml version="1.0" encoding="UTF-8"?>
<record
    xmlns:xsi="http://www.w3.org/2001/XMLSchema-instance"
    xsi:schemaLocation="http://www.loc.gov/MARC21/slim http://www.loc.gov/standards/marcxml/schema/MARC21slim.xsd"
    xmlns="http://www.loc.gov/MARC21/slim">

  <leader>00779nam a22002177a 4500</leader>
  <controlfield tag="005">20161215095513.0</controlfield>
  <controlfield tag="008">131128t       mx ||||| |||| 00| 0 spa d</controlfield>
  <datafield tag="020" ind1=" " ind2=" ">
    <subfield code="a">9786077799535</subfield>
  </datafield>
  <datafield tag="050" ind1="0" ind2="4">
    <subfield code="a">KGF5837</subfield>
    <subfield code="b">B46 2012</subfield>
  </datafield>
  <datafield tag="100" ind1="1" ind2=" ">
    <subfield code="a">Benavente Chorres, Hesbert</subfield>
  </datafield>
  <datafield tag="245" ind1="1" ind2="3">
    <subfield code="a">La audiencia de control de la detenci&#xF3;n en el proceso penal acusatorio y oral</subfield>
    <subfield code="c"> / Hesbert Benavente Chorres</subfield>
  </datafield>
  <datafield tag="250" ind1=" " ind2=" ">
    <subfield code="a">2a ed.</subfield>
  </datafield>
  <datafield tag="260" ind1=" " ind2=" ">
    <subfield code="a">M&#xE9;xico :</subfield>
    <subfield code="b">Flores Editor y Distribuidor,</subfield>
    <subfield code="c">2012</subfield>
  </datafield>
  <datafield tag="300" ind1=" " ind2=" ">
    <subfield code="a">xxv, 365 p. :</subfield>
    <subfield code="b">il. ;</subfield>
    <subfield code="c">23 cm.</subfield>
  </datafield>
  <datafield tag="504" ind1=" " ind2=" ">
    <subfield code="a">Bibliograf&#xED;a : p. 355-362</subfield>
  </datafield>
  <datafield tag="650" ind1=" " ind2="7">
    <subfield code="2">lemb</subfield>
    <subfield code="a">Derecho penal</subfield>
    <subfield code="x">Prosecuci&#xF3;n</subfield>
    <subfield code="z">M&#xE9;xico</subfield>
  </datafield>
  <datafield tag="650" ind1=" " ind2="7">
    <subfield code="2">lemb</subfield>
    <subfield code="a">Procedimiento penal</subfield>
    <subfield code="z">M&#xE9;xico</subfield>
  </datafield>
  <datafield tag="650" ind1=" " ind2="7">
    <subfield code="2">lemb</subfield>
    <subfield code="a">Detenci&#xF3;n de personas</subfield>
    <subfield code="z">M&#xE9;xico</subfield>
  </datafield>
  <datafield tag="650" ind1=" " ind2="7">
    <subfield code="2">lemb</subfield>
    <subfield code="a">Derechos civiles</subfield>
    <subfield code="z">M&#xE9;xico</subfield>
  </datafield>
  <datafield tag="942" ind1=" " ind2=" ">
    <subfield code="2">lcc</subfield>
    <subfield code="c">LIB</subfield>
  </datafield>
  <datafield tag="999" ind1=" " ind2=" ">
    <subfield code="c">46046</subfield>
    <subfield code="d">46046</subfield>
  </datafield>
  <datafield tag="952" ind1=" " ind2=" ">
    <subfield code="1">0</subfield>
    <subfield code="2">lcc</subfield>
    <subfield code="4">0</subfield>
    <subfield code="7">0</subfield>
    <subfield code="a">BPU-001</subfield>
    <subfield code="b">BPU-001</subfield>
    <subfield code="c">GENERAL</subfield>
    <subfield code="d">2013-11-28</subfield>
    <subfield code="e">DGB</subfield>
    <subfield code="k">Ciencias sociales y administrativas</subfield>
    <subfield code="o">KGF5837 B46 c2012</subfield>
    <subfield code="p">BPU000000332</subfield>
    <subfield code="r">2015-01-16 00:00:00</subfield>
    <subfield code="t">1</subfield>
    <subfield code="y">LIB</subfield>
  </datafield>
  <datafield tag="952" ind1=" " ind2=" ">
    <subfield code="1">0</subfield>
    <subfield code="2">lcc</subfield>
    <subfield code="4">0</subfield>
    <subfield code="7">0</subfield>
    <subfield code="a">CGED-NCH</subfield>
    <subfield code="b">CGED-NCH</subfield>
    <subfield code="c">GENERAL</subfield>
    <subfield code="d">2016-11-22</subfield>
    <subfield code="e">PROFOCIE-2014</subfield>
    <subfield code="f">2a ed.</subfield>
    <subfield code="k">CSA</subfield>
    <subfield code="o">KGF5837 B46 c2012</subfield>
    <subfield code="p">CGED-NCH000000058</subfield>
    <subfield code="r">2016-11-22 00:00:00</subfield>
    <subfield code="t">1</subfield>
    <subfield code="y">LIB</subfield>
  </datafield>
  <datafield tag="952" ind1=" " ind2=" ">
    <subfield code="1">0</subfield>
    <subfield code="2">lcc</subfield>
    <subfield code="4">0</subfield>
    <subfield code="7">0</subfield>
    <subfield code="a">CGED-NU</subfield>
    <subfield code="b">CGED-NU</subfield>
    <subfield code="c">GENERAL</subfield>
    <subfield code="d">2016-11-24</subfield>
    <subfield code="e">PROFOCIE-2014</subfield>
    <subfield code="f">2a</subfield>
    <subfield code="k">CSA</subfield>
    <subfield code="o">KGF5837 B46 2012</subfield>
    <subfield code="p">CGED-NU000000136</subfield>
    <subfield code="r">2016-11-24 00:00:00</subfield>
    <subfield code="t">1</subfield>
    <subfield code="y">LIB</subfield>
  </datafield>
  <datafield tag="952" ind1=" " ind2=" ">
    <subfield code="1">0</subfield>
    <subfield code="2">lcc</subfield>
    <subfield code="4">0</subfield>
    <subfield code="7">0</subfield>
    <subfield code="a">CGED-NCO</subfield>
    <subfield code="b">CGED-NCO</subfield>
    <subfield code="c">GENERAL</subfield>
    <subfield code="d">2016-11-28</subfield>
    <subfield code="e">PROFOCIE-2014</subfield>
    <subfield code="f">2a ed.</subfield>
    <subfield code="k">CSA</subfield>
    <subfield code="o">KGF5837 B46 2012</subfield>
    <subfield code="p">CGED-NCO000000104</subfield>
    <subfield code="r">2016-11-28 00:00:00</subfield>
    <subfield code="t">1</subfield>
    <subfield code="y">LIB</subfield>
  </datafield>
  <datafield tag="952" ind1=" " ind2=" ">
    <subfield code="1">0</subfield>
    <subfield code="2">lcc</subfield>
    <subfield code="4">0</subfield>
    <subfield code="7">0</subfield>
    <subfield code="a">CGED-NZ</subfield>
    <subfield code="b">CGED-NZ</subfield>
    <subfield code="c">GENERAL</subfield>
    <subfield code="d">2016-11-30</subfield>
    <subfield code="e">PROFOCIE-2014</subfield>
    <subfield code="f">2a ed.</subfield>
    <subfield code="k">CSA</subfield>
    <subfield code="o">KGF5837 B46 2012</subfield>
    <subfield code="p">CGED-NZ000000115</subfield>
    <subfield code="r">2016-11-30 00:00:00</subfield>
    <subfield code="t">C : 1</subfield>
    <subfield code="y">LIB</subfield>
  </datafield>
  <datafield tag="952" ind1=" " ind2=" ">
    <subfield code="1">0</subfield>
    <subfield code="2">lcc</subfield>
    <subfield code="4">0</subfield>
    <subfield code="7">0</subfield>
    <subfield code="a">CGED-NZA</subfield>
    <subfield code="b">CGED-NZA</subfield>
    <subfield code="c">GENERAL</subfield>
    <subfield code="d">2016-11-30</subfield>
    <subfield code="e">PROFOCIE-2014</subfield>
    <subfield code="f">2a ed.</subfield>
    <subfield code="k">CSA</subfield>
    <subfield code="o">KGF5837 B46 2012</subfield>
    <subfield code="p">CGED-NZA000000048</subfield>
    <subfield code="r">2016-11-30 00:00:00</subfield>
    <subfield code="t">1</subfield>
    <subfield code="y">LIB</subfield>
  </datafield>
  <datafield tag="952" ind1=" " ind2=" ">
    <subfield code="1">0</subfield>
    <subfield code="2">lcc</subfield>
    <subfield code="4">0</subfield>
    <subfield code="7">0</subfield>
    <subfield code="a">CGED-NLP</subfield>
    <subfield code="b">CGED-NLP</subfield>
    <subfield code="c">GENERAL</subfield>
    <subfield code="d">2016-11-30</subfield>
    <subfield code="e">PROFOCIE-2014</subfield>
    <subfield code="f">2a ed.</subfield>
    <subfield code="k">CSA</subfield>
    <subfield code="o">KGF5837 B46 2012</subfield>
    <subfield code="p">CGED-NLP000000052</subfield>
    <subfield code="r">2016-11-30 00:00:00</subfield>
    <subfield code="t">C:1</subfield>
    <subfield code="y">LIB</subfield>
  </datafield>
  <datafield tag="952" ind1=" " ind2=" ">
    <subfield code="1">0</subfield>
    <subfield code="2">lcc</subfield>
    <subfield code="4">0</subfield>
    <subfield code="7">0</subfield>
    <subfield code="a">CGED-NAR</subfield>
    <subfield code="b">CGED-NAR</subfield>
    <subfield code="c">GENERAL</subfield>
    <subfield code="d">2016-11-30</subfield>
    <subfield code="e">PROFOCIE-2014</subfield>
    <subfield code="f">2a</subfield>
    <subfield code="k">CSA</subfield>
    <subfield code="o">KGF5837 B46 2012</subfield>
    <subfield code="p">CGED-NAR000000053</subfield>
    <subfield code="r">2016-11-30 00:00:00</subfield>
    <subfield code="t">1</subfield>
    <subfield code="y">LIB</subfield>
  </datafield>
  <datafield tag="952" ind1=" " ind2=" ">
    <subfield code="1">0</subfield>
    <subfield code="2">lcc</subfield>
    <subfield code="4">0</subfield>
    <subfield code="7">0</subfield>
    <subfield code="a">CGED-NADR</subfield>
    <subfield code="b">CGED-NADR</subfield>
    <subfield code="c">GENERAL</subfield>
    <subfield code="d">2016-11-30</subfield>
    <subfield code="e">PROFOCIE-2014</subfield>
    <subfield code="f">2a</subfield>
    <subfield code="k">CSA</subfield>
    <subfield code="o">KGF5837 B46 2012</subfield>
    <subfield code="p">CGED-NADR000000004</subfield>
    <subfield code="r">2016-11-30 00:00:00</subfield>
    <subfield code="t">1</subfield>
    <subfield code="y">LIB</subfield>
  </datafield>
</record>
